International journal of digital multimedia broadcasting.

Bibliographic Details
Uniform Title:International journal of digital multimedia broadcasting (Online)
Format: Journal
Language:English
Published: New York, NY : Hindawi Pub. Corp., [2008-]
Subjects:
Online Availability: Check for online availability

MARC

Tag First Indicator Second Indicator Subfields
LEADER 00000cas a2200000 a 4500
001 in00002478024
005 20151110095803.0
006 m d
007 cr mnu||||||||
008 080811c20089999nyuar pss 0 0eng
010 |a  2008204569 
022 |a 1687-7586  |y 1687-7578 
029 1 |a NZ1  |b 12768629 
029 1 |a AU@  |b 000043827387 
029 1 |a AU@  |b 000043307618 
035 |a (OCoLC)ocn243468593 
035 |a (OCoLC)243468593 
040 |a DLC  |c DLC  |d TXA  |d UtOrBLW 
042 |a lcd 
049 |a TXAM 
050 0 0 |a TK5105.15  |b .I48 Electronic 
130 0 |a International journal of digital multimedia broadcasting (Online) 
245 1 0 |a International journal of digital multimedia broadcasting. 
264 1 |a New York, NY :  |b Hindawi Pub. Corp.,  |c [2008-] 
264 4 |c ©2008- 
310 |a Annual 
336 |a text  |b txt  |2 rdacontent 
337 |a computer  |b c  |2 rdamedia 
338 |a online resource  |b cr  |2 rdacarrier 
362 0 |a Vol. 2008- 
500 |a Title from table of contents (publisher's Web site, viewed Aug. 11, 2008). 
500 |a Volumes for 2008- include special issues with distinctive titles. 
515 |a Articles are added continuously to each annual vol. 
530 |a Issued also in print. 
538 |a Mode of access: World Wide Web. 
500 |a Electronic resource. 
650 0 |a Multimedia communications  |v Periodicals. 
650 0 |a Digital audio broadcasting  |v Periodicals. 
650 0 |a Mobile communication systems  |v Periodicals. 
776 1 |t International journal of digital multimedia broadcasting  |x 1687-7578 
850 |a DLC 
948 |a cataloged  |b h  |c 2009/4/24  |d c  |e spoltoratski 
994 |a C0  |b TXA 
999 |a MARS 
999 f f |s 074a5300-7354-32bc-99f8-64a9092a0c5e  |i 7ca38be3-25ed-3355-a50c-d33f5f240c85  |t 0 
952 f f |a Texas A&M University  |b College Station  |c Electronic Resources  |d Available Online  |t 0  |e TK5105.15 .I48  |g Electronic  |h Library of Congress classification 
998 f f |a TK5105.15 .I48  |t 0  |l Available Online